Estudio de servicios básicos en 30 cantones. Parte II: perfiles comunales. Golfito /
Uloženo v:
| Korporace: | , |
|---|---|
| Médium: | Text |
| Jazyk: | Spanish |
| Vydáno: |
Costa Rica :
IFAM. AITEC
|
| Témata: | |
| Tagy: |
Přidat tag
Žádné tagy, Buďte první, kdo vytvoří štítek k tomuto záznamu!
|
MARC
| LEADER | 00000 a a2200000 04500 | ||
|---|---|---|---|
| 001 | 16887 | ||
| 003 | cru CIDCACS/IIS | ||
| 005 | 20230925081701.0 | ||
| 008 | 170321b xxu||||| |||| 00| 0 spa d | ||
| 020 | |a [sin ISBN] | ||
| 022 | |a [sin ISBN] | ||
| 040 | |c cru CIDCACS/IIS |a cru CIDCACS/IIS | ||
| 090 | |a 04.03.06 I59go | ||
| 110 | |a Instituto de Fomento y Asesoría Municipal [Costa Rica] | ||
| 245 | |a Estudio de servicios básicos en 30 cantones. Parte II: perfiles comunales. Golfito / |c Instituto de Fomento y Asesoría Municipal [Costa Rica] | ||
| 260 | |a Costa Rica : |b IFAM. AITEC | ||
| 300 | |a 21 p. | ||
| 650 | |a CREDITO | ||
| 650 | |a EDUCACION | ||
| 650 | |a ESTADISTICAS DEMOGRAFICAS | ||
| 650 | |a PROBLEMAS SOCIALES | ||
| 650 | |a SERVICIOS DE LA COMUNDAD | ||
| 650 | |a SERVICIOS DE SALUD | ||
| 650 | |a VIVIENDA | ||
| 650 | |a ECONOMIA | ||
| 650 | |a LIDERAZGO | ||
| 650 | |a INFRAESTRUCTURA FISICA | ||
| 651 | |a COSTA RICA | ||
| 651 | |a PUNTARENAS | ||
| 651 | |a GOLFITO | ||
| 710 | |a Acción Internacional Técnica, División de Acción Internacional | ||
| 852 | 1 | 1 | |2 04.03.06 I59go |h 04.03.06 I59go |i 06420 |
| 942 | |2 z |c LI |h 04.03.06 I59go |i 06420 |6 040306_I59GO_06420 | ||
| 999 | |c 8040 |d 8040 | ||
